Answers to tough questions : (Record no. 17396)

000 -LEADER
fixed length control field 00719nam a2200193 a 4500
001 - CONTROL NUMBER
control field :::00021334$&:&@@
003 - CONTROL NUMBER IDENTIFIER
control field OkBaRHE
005 - DATE AND TIME OF LATEST TRANSACTION
control field 20071217154325.0
008 - FIXED-LENGTH DATA ELEMENTS--GENERAL INFORMATION
fixed length control field s1998 j 000 0 eng u
020 ## - INTERNATIONAL STANDARD BOOK NUMBER
International Standard Book Number 091895665x
040 ## - CATALOGING SOURCE
Transcribing agency
100 1# - MAIN ENTRY--PERSONAL NAME
Personal name McDowell, Josh
245 10 - TITLE STATEMENT
Title Answers to tough questions :
Remainder of title what skeptics are asking about the Christian faith
Statement of responsibility, etc Addittional Author Stewart,Don
260 ## - PUBLICATION, DISTRIBUTION, ETC. (IMPRINT)
Place of publication, distribution, etc San Bernardino,California
Name of publisher, distributor, etc Here's Life Publishers
Date of publication, distribution, etc c1998
300 ## - PHYSICAL DESCRIPTION
Extent 194 p Bibliographical references (195p-198p)
650 ## - SUBJECT ADDED ENTRY--TOPICAL TERM
Topical term or geographic name as entry element Bible
General subdivision Miscelanea, Apologetics
-- Miscellanea.
942 ## - ADDED ENTRY ELEMENTS (KOHA)
Source of classification or shelving scheme
Koha item type Books
Copies
Price effective from Date checked out Full call number Date last seen Lost status Shelving location Permanent Location Total Renewals Koha item type Damaged status Copy number Not for loan Source of classification or shelving scheme Total Checkouts Barcode Withdrawn status Date acquired Current Location
2010-04-142011-12-14BT 1102 .M39852012-01-07 General StacksRHEMA Bible Training College1Books 1  121334 2010-04-14RHEMA Bible Training College